00357nam a22001097a 4500082002700000100002300027245007200050260004800122300003200170526003700202650000800239 a604.2bBROcL-12, P-49 aBrotherton, Frank. aPractical drawing for the preliminary technical course Second Year. aLondonbGeorge Routledge & Sons, Ltd.c1914 aviii, 139 p.:bill, :c6 Cm a0b0c0d604_200000000000000_BRO aMCE